L'esclusione della dignità sacramentale dal consenso matrimoniale nella dottrina e nella giurisprudenza recenti
Saved in:
| Hovedforfatter: | |
|---|---|
| Format: | Bog |
| Sprog: | italiensk |
| Udgivet: |
Roma
Pontificia Università Gregoriana
1997
|
| Serier: | Tesi Gregoriana. Serie Diritto Canonico, 13
|
| Fag: | |
| Tags: |
Tilføj Tag
Ingen Tags, Vær først til at tagge denne postø!
|
MARC
| LEADER | 00000nam a2200000 a 4500 | ||
|---|---|---|---|
| 001 | UCK2528 | ||
| 003 | CL-VaPUC | ||
| 008 | 050120e19970000IT |||||||||||||||||ita|d | ||
| 020 | |a 8876527400 | ||
| 082 | 0 | 4 | |a 262.933 |b MIN |2 21 |
| 100 | |a Mingardi, Massimo |e autor |9 490438 | ||
| 245 | 1 | 2 | |a L'esclusione della dignità sacramentale dal consenso matrimoniale nella dottrina e nella giurisprudenza recenti |
| 300 | |a 318 p | ||
| 942 | |c BK | ||
| 945 | |d 20050120 00:00:00 |a cmena | ||
| 260 | |a Roma |b Pontificia Università Gregoriana |c 1997 | ||
| 650 | 7 | |a MATRIMONIO |2 CL-VaPUC |9 490439 | |
| 650 | 7 | |a DERECHO CANONICO |2 CL-VaPUC |9 490440 | |
| 650 | 0 | |a Sacramentos |9 257270 | |
| 650 | 0 | |a Jurisprudencia |9 255952 | |
| 583 | |a last modification |c 20050120 00:00:00 |k Rodrigo Vera | ||
| 490 | 0 | |a Tesi Gregoriana. Serie Diritto Canonico, 13 | |
| 999 | |c 312041 |d 312039 | ||
| 952 | |0 0 |1 0 |4 0 |6 262_933000000000000_MIN_1997 |7 0 |8 A |9 381836 |a BIBDER |b BIBDER |d 2019-11-21 |i 409204K |o 262.933 MIN 1997 |p 409204K |r 2023-01-25 |w 2019-11-21 |y BK |k DER | ||